Guanxi (The art of relationships) : Microsoft, China, and Bill Gates's plan to win the road ahead

Bibliographic Details
Main Author: Buderi, Robert
Other Authors: Huang, Gregory T.
Format: Book
Published: New York : Simon& Schuster , 2006
Subjects:

MARC

LEADER 00000cam a2200000 7i4500
001 0000014039
005 20080409.0
008 080208
020 |a 0743297407 
090 0 0 |a 338.88710040951   |b BUD 
100 1 |a Buderi, Robert 
245 1 0 |a Guanxi (The art of relationships) :   |b Microsoft, China, and Bill Gates's plan to win the road ahead   |c Robert Buderi and Gregory T. Huang 
260 |a New York :   |b Simon& Schuster ,   |c 2006 
650 0 |a Computer sofware industry   |x United states   |x Management   |x Case studies 
650 0 |a Microsoft Corporation   |x Management 
650 0 |a United states   |x Commerce   |x China 
700 1 |a Huang, Gregory T. 
999 |a 0001011919   |b Book   |c REFERENCE   |e Perbadanan Perpustakaan Awam Johor 
999 |a 0001011920   |b Book   |c Adult Collection   |e Perbadanan Perpustakaan Awam Johor